Saṅkrānta. (Record no. 62538)

MARC details
000 -LEADER
fixed length control field 00685cam a22002411 4500
001 - CONTROL NUMBER
control field sa 65002236
003 - CONTROL NUMBER IDENTIFIER
control field DLC
005 - DATE AND TIME OF LATEST TRANSACTION
control field 20260227112115.0
008 - FIXED-LENGTH DATA ELEMENTS--GENERAL INFORMATION
fixed length control field 831226s1964 ii 000 0 hin
010 ## - LIBRARY OF CONGRESS CONTROL NUMBER
LC control number sa 65002236
035 ## - SYSTEM CONTROL NUMBER
System control number (OCoLC)21627028
040 ## - CATALOGING SOURCE
Original cataloging agency DLC
Transcribing agency CU
Modifying agency DLC
042 ## - AUTHENTICATION CODE
Authentication code premarc
050 00 - LIBRARY OF CONGRESS CALL NUMBER
Classification number PK2098.V26
Item number S3
100 1# - MAIN ENTRY--PERSONAL NAME
Personal name Vājapēyī, Kailāśa.
245 10 - TITLE STATEMENT
Title Saṅkrānta.
Statement of responsibility, etc. [Lekhaka] Kailāśa Vājapeyī
250 ## - EDITION STATEMENT
Edition statement [1. saṃskaraṇa
260 ## - PUBLICATION, DISTRIBUTION, ETC.
Place of publication, distribution, etc. Kalakattā]
Name of publisher, distributor, etc. Bhāratīya Jñānapītha Prakāśana
Date of publication, distribution, etc. [1964]
300 ## - PHYSICAL DESCRIPTION
Extent 104 p.
Dimensions 22 cm
490 0# - SERIES STATEMENT
Series statement Jñānapītha lokodaya granthamālā,
Volume/sequential designation granthāṅka 202
500 ## - GENERAL NOTE
General note In Hindi
500 ## - GENERAL NOTE
General note Poems

No items available.

Powered by Koha